Sin posdata: manual de redacción comercial

محفوظ في:
التفاصيل البيبلوغرافية
المؤلف الرئيسي: Hernández Torres, Carmen N (مؤلف)
التنسيق: كتاب
اللغة:الإسبانية
منشور في: San Juan Plaza Mayor 1999
الطبعة:1a. ed
الموضوعات:
الوسوم: إضافة وسم
لا توجد وسوم, كن أول من يضع وسما على هذه التسجيلة!

MARC

LEADER 00000nam a2200000 a 4500
001 UCJ1999
003 CL-VaPUC
008 061124e19990000PR |||||||||||||||||spa|d
020 |a 1563281414 
082 0 4 |a 808.066  |b HER  |2 21 
100 0 |a Hernández Torres, Carmen N  |e author  |9 502852 
245 1 0 |a Sin posdata: manual de redacción comercial 
250 |a 1a. ed 
300 |a 316 p 
942 |c BK 
945 |d 20061124 00:00:00  |a cmena 
260 |a San Juan  |b Plaza Mayor  |c 1999 
650 0 |a Redacción de textos  |9 446760 
650 0 |a Manuales  |9 257144 
650 7 |a REDACCION COMERCIAL  |2 CL-VaPUC  |9 354223 
650 7 |a LENGUAJE ESCRITO  |2 CL-VaPUC  |9 454872 
583 |a last modification  |c 20061124 00:00:00  |k Rodrigo Vera 
999 |c 318418  |d 318416 
952 |0 0  |1 0  |4 0  |6 808_066000000000000_HER_1999  |7 0  |8 A  |9 396196  |a FDOPOS  |b FDOPOS  |d 2019-11-22  |i 4301285  |o 808.066 HER 1999  |p 4301285  |r 2025-01-22  |w 2019-11-22  |y BK  |k MLA